Creatures on Currency Quiz Stats

Quiz Updated Feb 23, 2013

Also try: Funny Money
Challenge
Share
Tweet
Embed
Score 0/24 Timer 03:00
1 Play Today
% Correct
Eagle
92.8%
Bear
88.6%
Bison
87.7%
Horse
86.7%
Owl
82.3%
Beaver
82.2%
Elk
80.9%
Falcon
78.2%
Duck
76.3%
Salmon
75.6%
Badger
72%
Pelican
69.7%
% Correct
Cow
68.7%
Mountain Goat
65.4%
Whale
64%
Condor
63.3%
Pheasant
63.1%
Dolphin
61.4%
Loon
52%
Wren
45.3%
Frog
44.7%
Parrot
26.3%
Catamount
24.1%
Flycatcher
19.8%

You're not logged in!

Compare scores with friends on all Sporcle quizzes.
Sign Up with Email
OR
Log In

You Might Also Like...

Show Comments

Extras

Top Quizzes Today


Score Distribution

Your Account Isn't Verified!

In order to create a playlist on Sporcle, you need to verify the email address you used during registration. Go to your Sporcle Settings to finish the process.